| Tag |
First Indicator |
Second Indicator |
Subfields |
| LEADER |
00000cam a2200000 a 4500 |
| 001 |
in00000014836 |
| 005 |
20151007052911.0 |
| 008 |
870429s1988 njuaf b 00110aeng |
| 010 |
|
|
|a 87012738
|
| 020 |
|
|
|a 0810820323
|
| 035 |
|
|
|a (OCoLC)15695667
|
| 035 |
|
|
|9 AAA9634AM
|
| 040 |
|
|
|a DLC
|c DLC
|d TXA
|d UtOrBLW
|
| 049 |
|
|
|a TXAM
|c [A11467270]
|
| 050 |
0 |
0 |
|a Z720.G27
|b A3 1988
|
| 082 |
0 |
|
|a 020/.92/4
|a B
|2 19
|
| 100 |
1 |
|
|a Gaver, Mary Virginia,
|d 1906-1991.
|
| 245 |
1 |
2 |
|a A braided cord :
|b memoirs of a school librarian /
|c by Mary Virginia Gaver.
|
| 264 |
|
1 |
|a Metuchen, N.J. :
|b Scarecrow Press,
|c 1988.
|
| 300 |
|
|
|a x, 233 pages, 9 unnumbered pages of plates :
|b illustrations ;
|c 23 cm.
|
| 336 |
|
|
|a text
|b txt
|2 rdacontent
|
| 337 |
|
|
|a unmediated
|b n
|2 rdamedia
|
| 338 |
|
|
|a volume
|b nc
|2 rdacarrier
|
| 504 |
|
|
|a Bibliography: pages [187]-227.
|
| 500 |
|
|
|a Includes index.
|
| 600 |
1 |
0 |
|a Gaver, Mary Virginia,
|d 1906-1991.
|
| 650 |
|
0 |
|a Librarians
|z United States
|v Biography.
|
| 650 |
|
0 |
|a School libraries
|x Administration
|x History
|y 20th century.
|
| 999 |
|
|
|a MARS
|
| 999 |
f |
f |
|s a7d3abb0-ee98-36a2-8b08-292bc4aa1bcd
|i c3e65173-4c3e-35d2-b56b-9c6ddc444afe
|t 0
|
| 952 |
f |
f |
|p ric
|a Texas A&M University
|b Rellis Campus
|c Joint Library Facility
|d Remote Storage
|t 0
|e Z720.G27 A3 1988
|h Library of Congress classification
|i unmediated -- volume
|m A14811467270
|
| 998 |
f |
f |
|a Z720.G27 A3 1988
|t 0
|l Remote Storage
|